Flags with Unique Features - Statistics

General Stats
  • This quiz has been taken 3,489 times
  • The average score is 13 of 20
Answer Stats
unique feature country % Correct
A large leaf Canada
90%
More stars than any other flag (50) United States
90%
A large picture of a large tree Lebanon
86%
Druk the Thunder Dragon Bhutan
81%
A sea trident Barbados
79%
Flag has five sides Nepal
79%
An eagle on a cactus wrestling a snake Mexico
73%
Five crosses Georgia
70%
A vertical shield and two spears Kenya
70%
An AK-47 rifle Mozambique
70%
Half a cog wheel (pictured above) Angola
67%
A large pair of keys, crossed Vatican City
58%
More stripes than any other flag (14) Malaysia
53%
A 12-word sentence on a green background Saudi Arabia
53%
A horizontal shield and two spears Eswatini
52%
A lion holding a sword Sri Lanka
51%
Looks the same turned sideways or upside down Switzerland
51%
27 stars Brazil
50%
Front and back sides are different Paraguay
27%
A military medal, awarded to the whole country Malta
26%
No matching quizzes found
Score Distribution
Percent of People with Each Score
Percentile by Number Answered
Your Score History
You have not taken this quiz